000 00842nam a22002537a 4500
001 BR7310055
003 BR-BrBNA
005 20230928084147.0
007 ta
008 230509b bl.||||| |||| 00| 0 por d
040 _aBR-BrBNA
_bpor
_cBiblioteca Nacional de Agricultura
041 _a(Por)
072 _aF00
_b0180
090 _ 0180 BR7310055
110 1 _aInstituto de Pesquisa Agropecuaria do Sul, Passo Fundo, RS (Brasil). Estacao Experimental de Passo Fundo
_96096
111 1 _a5. Reuniao Anual Conjunta de Pesquisa de Trigo
_cPorto Alegre, RS (Brazil)
_d2 Apr 1973
245 1 _aTrigo - experimentacao [Triticum aestivum; Melhoramento vegetal]
260 3 _aPasso Fundo, RS (Brasil):
_c1973.
300 _a57 p.
650 _aTRIGO
650 _aMELHORAMENTO VEGETAL
909 _a202309
_bLucia
_c55
_dLucia Elande
942 _cBK
999 _c17214
_d17214